Proyectos de protocolos adicionales a los Convenios de Ginebra del 12 de agosto de 1949

Guardat en:
Dades bibliogràfiques
Autor corporatiu: Comité Internacional de la Cruz Roja (Autor)
Format: Llibre
Idioma:espanyol
Publicat: Ginebra Comité Internacional de la Cruz Roja 1973
Matèries:
Etiquetes: Afegir etiqueta
Sense etiquetes, Sigues el primer a etiquetar aquest registre!

MARC

LEADER 00000nam a2200000 a 4500
001 UCT9559
003 CL-VaPUC
008 970404e19730000SZ |||||||||||||||||spa|d
082 0 4 |a 341.6  |b COM  |2 21 
110 2 |a Comité Internacional de la Cruz Roja  |e author  |9 382385 
245 1 0 |a Proyectos de protocolos adicionales a los Convenios de Ginebra del 12 de agosto de 1949 
300 |a 49 p 
942 |c BK 
945 |d 19970404 00:00:00  |a lriquelm 
260 |a Ginebra  |b Comité Internacional de la Cruz Roja  |c 1973 
650 7 |a CONVENCION DE GINEBRA  |2 CL-VaPUC  |9 382301 
650 7 |a INSTRUMENTOS INTERNACIONALES  |2 CL-VaPUC  |9 338494 
650 7 |a HERIDOS DE GUERRA  |2 CL-VaPUC  |9 382309 
650 0 |a Prisioneros de guerra  |9 350908 
650 7 |a POBLACION CIVIL  |2 CL-VaPUC  |9 382328 
583 |a last modification  |c 20131003 02:11:35  |k Rodrigo Vera 
999 |c 257946  |d 257944 
952 |0 0  |1 0  |4 0  |6 341_600000000000000_COM_1973  |7 0  |8 A  |9 281672  |a BIBDER  |b BIBDER  |d 2019-11-19  |i 1825291  |o 341.6 COM 1973  |p 1825291  |r 2023-01-25  |w 2019-11-19  |y BK  |k DER